000 01156nam a22003257a 4500
003 CHAP
005 20220329135346.0
008 971013s1966 r 00010 d
010 _a35004
011 _a35976
035 _a40095
040 _cCHAP
090 _aFolleto 2851
110 _aMéxico. Leyes, decretos, etc.
_977071
245 _aLey del seguro agrícola integral y ganadero
_b: reglamento de la ley del seguro agrícola integral y ganadero
260 _aMéxico, D.F. :
_bAseguradora Nacional Agrícola y Ganadera,
_c1966
300 _a36 p
500 _ac.4 en bodega
590 _aBATCH-UPD
_b10
_c20130110
_lUCH01
_h0126
590 _aBATCH-UPD
_b10
_c20130409
_lUCH01
_h2121
590 _aBATCH-UPD
_b10
_c20130914
_lUCH01
_h2017
590 _aCONVERSION
_b10
_c20130109
_lUCH01
_h1320
650 1 4 _aSeguro agrícola
_xMéxico
_xLeyes.
_9103709
650 1 4 _aSeguro ganadero
_xMéxico
_xLeyes.
_9103728
901 _aBK
942 _cFOLL
949 _aFolleto 2851
_bBC
_cFOLL
_d-91641
_eTS1
_i40095
_mD
_si
949 _aFolleto 2851
_bBC
_cFOLL
_d-91642
_eTS2
_fc.2
_i40095
_mD
_si
949 _aFolleto 2851
_bBC
_cFOLL
_d-91643
_eTS2
_fc.3
_i40095
_mD
_si
999 _c35004
_d35004